Statistiques concernant Dates - Le Congrès de Vienne

Cliquez ici pour prendre le quiz!

Statistiques générales

  • Ce quiz a été pris 28 fois
  • Le résultat moyen est 5 sur 21

Statistiques - réponses

EvènementPrécisionDate% Correct
Traité de WestphalieAnnée1648
80%
Constitution espagnole napoléonienneAnnée1812
75%
Signature de l'acte final du Congrès de VienneJour, mois et année9 juin 1815
40%
Bataille de Waterloo, défaite napoléonienneJour, mois et année18 juin 1815
35%
Acte d'abdication de Napoléon I à FontainebleauJour, mois et année6 avril 1814
35%
Congrès de Troppau (question italienne)Année1820
30%
Congrès de Laybach (question italienne)Année1821
30%
Indépendance du BrésilAnnée1822
30%
Opposition de Canning à l'intervention en Espagne, qualification par Metternich de "météore malfaisant"Année1823
20%
Ouverture du Congrès de VienneJour, mois et année1er novembre 1814
20%
Signature d'une nouvelle abdication par Napoléon I, fin des 100 joursJour, mois et année22 juin 1815
20%
Intégration du Royaume de France à ce qui devient la Quintuple Alliance, Congrès d'Aix-la-ChapelleSaison et annéeAutomne 1818
20%
Décrets de Carlsbad (question prussienne)Année1819
15%
Début du mouvement insurrectionnel de CadixJour, mois et année1er janvier 1820
15%
Retour d'exil de Napoléon I, début des 100 joursJour, mois et année1er mars 1815
15%
Signature du traité de la Sainte-Alliance (Empires d'Autriche et russe, Royaume de Prusse)Jour, mois et année25 septembre 1815
15%
Traité de Paris, prévoyant le retour des Bourbons sur le trône de France et la tenue d'un grand congrèsJour, mois et année30 mai 1814
10%
Victoire française du Trocadéro des Français sur les Espagnols insurgés à CadixJour, mois et année31 août 1823
5%
Insurrection décabriste/décembriste, coup d'Etat infructueux à Saint-PétersbourgJour, mois et année14 décembre 1825
0%
Abrogation de la Constitution espagnoleJour, mois et année1er octobre 1823
0%
Signature du traité de la Quadruple Alliance (Empires d'Autriche et russe, Royaume de Prusse, Royaume-Uni)Jour, mois et année20 novembre 1815
0%

Distribution des résultats

Percentile par nombre de réponses

% des personnes avec chaque résultat

Votre développement - résultats

Vous n’avez pas pris ce quiz